Loading...
| History - American | 0 | 4 | 0 | 1 | 40 | 48 | 55.50 | 2 | 2 | 17.21 | 29.55 |
| Fine Arts - Other | 0 | 3 | 0 | 1 | 30 | 66 | 95.00 | 1 | 1 | 5.88 | 14.65 |
| Science - Biology | 0 | 3 | 0 | 0 | 30 | 79 | 87.67 | 0 | 2 | 4.92 | 13.01 |
| History - World | 0 | 3 | 1 | 2 | 25 | 54 | 87.67 | 0 | 1 | 4.50 | 11.36 |
| Literature - World | 0 | 3 | 1 | 2 | 25 | 84 | 109.33 | 0 | 1 | 2.98 | 9.22 |
| Popular Culture | 0 | 2 | 0 | 1 | 20 | 104 | 105.50 | 0 | 1 | 2.89 | 12.50 |
| Geography | 0 | 2 | 0 | 1 | 20 | 75 | 92.50 | 0 | 0 | 4.98 | 9.49 |
| Fine Arts - Painting and Sculpture | 0 | 2 | 0 | 0 | 20 | 85 | 87.50 | 0 | 1 | 4.64 | 12.50 |
| Current Events | 0 | 2 | 1 | 1 | 15 | 97 | 98.50 | 0 | 0 | 4.16 | 15.56 |
| Social Science | 0 | 1 | 0 | 1 | 10 | 81 | 81.00 | 0 | 0 | 1.71 | 3.57 |
| Fine Arts - Classical Music | 0 | 1 | 0 | 1 | 10 | 126 | 126.00 | 0 | 0 | 0.14 | 1.14 |
| Literature - British | 0 | 1 | 0 | 1 | 10 | 109 | 109.00 | 0 | 0 | 0.00 | 1.14 |
| Literature - European | 0 | 1 | 0 | 0 | 10 | 111 | 111.00 | 0 | 0 | 0.00 | 2.27 |
| Religion | 0 | 1 | 1 | 0 | 5 | 114 | 114.00 | 0 | 0 | 1.53 | 4.55 |
| Science - Chemistry | 0 | 0 | 0 | 0 | 0 | 0.00 | 0 | 0 | 0.00 | 0.00 | |
| Science - Physics | 0 | 0 | 0 | 0 | 0 | 0.00 | 0 | 0 | 0.00 | 0.00 | |
| Philosophy | 0 | 0 | 0 | 0 | 0 | 0.00 | 0 | 0 | 0.00 | 0.00 | |
| Literature - American | 0 | 0 | 1 | 0 | -5 | 0.00 | 0 | 0 | 0.00 | 0.00 | |
| Mythology | 0 | 0 | 1 | 0 | -5 | 0.00 | 0 | 0 | 0.00 | 0.00 | |
| History - European | 0 | 0 | 1 | 0 | -5 | 0.00 | 0 | 0 | 0.00 | 0.00 |